-
GALLIN , JHON I .,OGNIBENE , FREDRICK P. AND JOHNSON , LAURA LEE
Entry Personal Name
Number of records used in: 1
001 - CONTROL NUMBER
003 - CONTROL NUMBER IDENTIFIER
005 - DATE AND TIME OF LATEST TRANSACTION
- control field:
20230509123946.0
008 - FIXED-LENGTH DATA ELEMENTS
- fixed length control field:
230509|| aca||aabn | a|a d
040 ## - CATALOGING SOURCE
- Original cataloging agency:
JRU
- Transcribing agency:
JRU
100 ## - HEADING--PERSONAL NAME
- Personal name:
GALLIN , JHON I .,OGNIBENE , FREDRICK P. AND JOHNSON , LAURA LEE
670 ## - SOURCE DATA FOUND
- Source citation:
Work cat.: (JRU)8303: GALLIN , JHON I .,OGNIBENE , FREDRICK P. AND JOHNSON , LAURA LEE, PRINCIPLES AND PRACTICE OF CLINICAL RESEARCH